Größte Wohnwagenexporteure auf der Welt - Statistiken

Allgemein
  • Dieses Quiz wurde 41 mal gespielt
  • Das Durchschnittsergebnis liegt bei 7 aus 10
Antwortstatistiken
Exporte (in Mio. €) Land Weltmarktanteil % Korrekt
460 Deutschland 21,9%
100%
1.057 USA 50,3%
98%
42 Frankreich 2,0%
90%
97 China 4,6%
85%
34 Niederlande 1,6%
78%
41 Schweden 2,0%
78%
111 Großbritannien 5,3%
70%
19 Australien 0,9%
55%
35 Ungarn 1,7%
28%
104 Slowenien 4,9%
18%
Keine übereinstimmenden Quizze gefunden
Verteilung der Resultate
Anzahl Personen mit jedem Resultat
Perzentil nach korrekt beantworteten Fragen
Ihre Resultats-Entwicklung
Sie haben dieses Quiz noch nicht gespielt